书目信息 |
| 题名: |
观赏动物学
|
|
| 作者: | 朱曦 主编 | |
| 分册: | ||
| 出版信息: | 杭州 浙江科学技术出版社 2005 |
|
| 页数: | 365页 | |
| 开本: | 26cm | |
| 丛书名: | ||
| 单 册: | ||
| 中图分类: | S865.3 | |
| 科图分类: | ||
| 主题词: | 观赏型--动物学--高等学校--教材 , 观赏型 , 动物学 | |
| 电子资源: | ||
| ISBN: | 7-5341-2777-7 | |
| 000 | 00746nam0 2200241 450 | |
| 001 | 1532299325 | |
| 005 | 20150130085854.84 | |
| 010 | @a7-5341-2777-7@dCNY38.50 | |
| 100 | @a20060124d2005 em y0chiy50 ea | |
| 101 | 0 | @achi |
| 102 | @aCN@b330000 | |
| 105 | @aa z 000yy | |
| 200 | 1 | @a观赏动物学@9guan shang dong wu xue@f朱曦主编 |
| 210 | @a杭州@c浙江科学技术出版社@d2005 | |
| 215 | @a365页@c图,彩照@d26cm | |
| 330 | @a本书共分18章,介绍了观赏动物的系统分类、鉴赏、娱乐、捕捉与饲养、标本制作、分布和保护、危害及防护等。 | |
| 606 | 0 | @a观赏型@x动物学@x高等学校@j教材 |
| 606 | 0 | @a观赏型 |
| 606 | 0 | @a动物学 |
| 690 | @aS865.3@v5 | |
| 701 | 0 | @a朱曦@9zhu xi@f(1944.8~)@4主编 |
| 801 | 0 | @aCN@bTSSF@c20150130 |
| 905 | @aZUCC@dS865.3@eJY42 | |
| 观赏动物学/朱曦主编.-杭州:浙江科学技术出版社,2005 |
| 365页:图,彩照;26cm |
| ISBN 7-5341-2777-7:CNY38.50 |
| 本书共分18章,介绍了观赏动物的系统分类、鉴赏、娱乐、捕捉与饲养、标本制作、分布和保护、危害及防护等。 |
| ● |
| 相关链接 |
|
|
|
|
正题名:观赏动物学
索取号:S865.3/JY42
 
预约/预借
| 序号 | 登录号 | 条形码 | 馆藏地/架位号 | 状态 | 备注 |
| 1 | 7862661 | 278626612 | 学院路分馆/ [索取号:S865.3/JY42] | 在馆 | |
| 2 | 7862662 | 278626621 | 学院路分馆/ [索取号:S865.3/JY42] | 在馆 |